Answers That Start With D - Statistics

General Stats
  • This quiz has been taken 346 times
  • The average score is 11 of 16
Answer Stats
Hint Answer % Correct
Animals that says woof Dog
98%
Couples go on these Date
95%
Open and shut this thing Door
93%
Last month of the year December
92%
Not night Day
91%
A doe, a ____ Deer
83%
Paper money Dollar
83%
Pizza company, also a classic game Domino's
74%
What girls wear to church Dress
74%
Roll them to move in a board game Dice
71%
Famous extinct land animals (deemed scary) Dinosaur
70%
Only state that begins with this letter Delaware
66%
"Gods Plan" singer Drake
61%
Companion of Boots and Backpack Dora
21%
"Milky Female Ruler" is a synonym of... Dairy Queen
5%
Her male relative Diego
5%
No matching quizzes found
Score Distribution
Percent of People with Each Score
Percentile by Number Answered
Your Score History
You have not taken this quiz